000 00635nam a2200217Ia 4500
003 IN-BaIIA
008 211028s9999 xx 000 0 eng d
040 _cIIA Library
080 _a533
_bLIN
100 _aLinhart, J. G.
_93866
245 0 _aPlasma physics
_cJ. G.Linhart
250 _a2nd rev. ed.
260 _aAmsterdam
_bNorth-Holland
_c1961
300 _axi, 277p.
490 _aSeries in physics
650 _aAstronomy and astrophysics thesaurus
650 _aMagnetohydrodynamics
_91666
650 _aPlasma physics
_93732
650 _aPlasmas
_91898
942 _cBK
999 _c2053
_d2053